00361nam a22001217a 4500008004100000020001500041082001500056110001200071245007600083260003700159300001000196440003300206230602b xxu||||| |||| 00| 0 eng d a9966918043 a307.1bHAB bAFREPEN aSustainable Energy in EritreabProceedings of a National Policy Seminar bAFREPEN/FWD and Sida/SARECc2002 aV,64p n15pAFREPEN Occasional Paper